| 000 | 01824nam a2200313 i 4500 | ||
|---|---|---|---|
| 003 | DO-SdBNP | ||
| 005 | 20250716145048.0 | ||
| 007 | ta | ||
| 008 | 250716b2022 dr d r 00| 0 spa d | ||
| 020 | _a9789945509267 | ||
| 040 |
_aDO-SdBNP _bspa _cBNPHU _erda |
||
| 082 | 4 |
_axxxx _bF363 _222 |
|
| 100 | 1 |
_aFernández Florencio, Katherine _987932 _eautora _4aut. |
|
| 245 | 1 | 0 |
_aPandemia y protección social : _banálisis especializado con base en la encuesta de cultura política y cambio climático en Repùblica Dominicana / _cKatherine Fernández Florencio, Alexandra Viloria |
| 264 | 1 |
_aSanto Domingo : _bFundación Friedrich Ebert Stiftung, _c2022. |
|
| 300 |
_a14 páginas _bgrafícas _c30 cm. |
||
| 336 |
_atexto _btxt _2rdacontent |
||
| 337 |
_asin mediación _bn _2rdamedia |
||
| 338 |
_avolumen _bnc _2rdacurrier |
||
| 490 | 1 | _aTrabajo y justicia social ; | |
| 490 | 1 | _aPerspectiva ; | |
| 500 | _aIncluye datos biográficos de las autoras en la última página. | ||
| 504 | _aBibliografía p: 14 | ||
| 520 | _aLa pandemia de COVID-19 desató una profunda crisis sanitaria que desaceleró el crecimiento socioeconómico globalmente. Para enfrentar la pandemia, el Estado dominicano implementó estrategias de intervención en el sistema de salud, la protección social, el empleo y el control social que afectaron la economía, pero tuvieron resultados más positivos que muchos otros países de la región. Aunque la economía dominicana se ha recuperado, dicho avance no ha sido inclusivo ni equitativo. Gracias al turismo, el panorama de crecimiento económico es positivo, pero se mantienen los desafíos en materia de protección social y salud equitativa. | ||
| 590 | _aInventariado, 2025/ YL | ||
| 700 |
_aViloria, Alexandra _eprologuista _4pr. _983929 |
||
| 910 | _aYLockward | ||
| 942 |
_2ddc _cLF2 |
||
| 999 |
_c59563 _d59563 |
||